00556nam a2200193 a 4500001001300000003000900013005001700022008004100039020001100080082001700091100002100108245008100129260004900210300000900259500003500268505001000303650002800313700002100341nice12345678IN_TiNIC20260116013531.0050524s1968 newa grp 000 0 eng  ac122500a954.016bCAS aCase, Margaret H aSouth Asian Historyb 1750-1950, a Guide to Periodicals Dissertation and New aNew JersybPrinceston University Pressc1968 a561p aincludes index and biblioraphy2 aIndex aSouth Asia-Bibliography1 aCase, Margaret H